<?xml version="1.0" encoding="UTF-8"?>
<record
    xmlns:xsi="http://www.w3.org/2001/XMLSchema-instance"
    xsi:schemaLocation="http://www.loc.gov/MARC21/slim http://www.loc.gov/standards/marcxml/schema/MARC21slim.xsd"
    xmlns="http://www.loc.gov/MARC21/slim">

  <leader>01727nam a22002897a 4500</leader>
  <controlfield tag="003">AR-RoUNCS</controlfield>
  <controlfield tag="005">20260630160038.0</controlfield>
  <controlfield tag="007">ta</controlfield>
  <controlfield tag="008">260630s2013    ag a||||r|||| 00| 1 spa d</controlfield>
  <datafield tag="020" ind1=" " ind2=" ">
    <subfield code="a">9789870605690</subfield>
  </datafield>
  <datafield tag="040" ind1=" " ind2=" ">
    <subfield code="a">AR-RoUNCS</subfield>
    <subfield code="b">spa</subfield>
    <subfield code="c">AR-RoUNCS</subfield>
  </datafield>
  <datafield tag="041" ind1="1" ind2=" ">
    <subfield code="a">spa</subfield>
    <subfield code="h">eng</subfield>
  </datafield>
  <datafield tag="100" ind1=" " ind2=" ">
    <subfield code="a">Weinbaum, Stanley G.</subfield>
    <subfield code="e">autor</subfield>
  </datafield>
  <datafield tag="245" ind1="1" ind2="0">
    <subfield code="a">Odiseas marcianas / </subfield>
    <subfield code="c">Stanley Weinbaum ; ilustraciones Gonzalo Ruggieri.</subfield>
  </datafield>
  <datafield tag="250" ind1=" " ind2=" ">
    <subfield code="a">1a ed.</subfield>
  </datafield>
  <datafield tag="260" ind1=" " ind2=" ">
    <subfield code="a">Ciudad de Buenos Aires : </subfield>
    <subfield code="b">Aique,</subfield>
    <subfield code="c">i2013.</subfield>
  </datafield>
  <datafield tag="300" ind1=" " ind2=" ">
    <subfield code="a">140 p. : </subfield>
    <subfield code="b">il. ; </subfield>
    <subfield code="c">21 cm.</subfield>
  </datafield>
  <datafield tag="490" ind1="0" ind2=" ">
    <subfield code="a">Latramaquetrama</subfield>
  </datafield>
  <datafield tag="505" ind1=" " ind2=" ">
    <subfield code="t">Las odiseas de Weinbaum, un viaje espacial a la ciencia ficci&#xF3;n. </subfield>
  </datafield>
  <datafield tag="505" ind1=" " ind2=" ">
    <subfield code="t">Odiseas marcianas: Una odisea marciana. El valle de los sue&#xF1;os.</subfield>
  </datafield>
  <datafield tag="505" ind1=" " ind2=" ">
    <subfield code="t">Las actividades de Latramaquetrama.</subfield>
  </datafield>
  <datafield tag="520" ind1=" " ind2=" ">
    <subfield code="a">La acci&#xF3;n transcurre en el planeta Marte, donde una expedici&#xF3;n de astronautas humanos desarrolla una misi&#xF3;n de exploraci&#xF3;n. Uno de los astronautas, Dick Jarvis, se encuentra con un marciano parecido a un avestruz, Tweel, a quien salva de un inminente peligro y con quien entabla una extra&#xF1;a pero profunda amistad, mientras van encontr&#xE1;ndose con los diferentes seres vivos que pueblan las llanuras marcianas: los &#x201C;pastos caminantes&#x201D;, los &#x201C;come-arena&#x201D; constructores de pir&#xE1;mides, los peligrosos &#x201C;barriles suicidas&#x201D;, el &#x201C;duendecillo lector&#x201D; de los rascacielos de cristal, los enga&#xF1;osos habitantes del valle donde los sue&#xF1;os cobran realidad&#x2026;

Weinbaum fue el primero que cre&#xF3; extraterrestres que ten&#xED;an sus propias razones para existir.</subfield>
  </datafield>
  <datafield tag="650" ind1=" " ind2="7">
    <subfield code="2">embne</subfield>
    <subfield code="a">Literatura norteamericana</subfield>
  </datafield>
  <datafield tag="655" ind1=" " ind2="7">
    <subfield code="2">embne</subfield>
    <subfield code="a">Cuentos de ciencia ficci&#xF3;n</subfield>
  </datafield>
  <datafield tag="700" ind1="1" ind2=" ">
    <subfield code="a">Ruggieri, Gonzalo </subfield>
    <subfield code="e">ilustrador</subfield>
  </datafield>
  <datafield tag="942" ind1=" " ind2=" ">
    <subfield code="2">udc</subfield>
    <subfield code="c">OG</subfield>
    <subfield code="n">0</subfield>
  </datafield>
  <datafield tag="999" ind1=" " ind2=" ">
    <subfield code="c">1069</subfield>
    <subfield code="d">1069</subfield>
  </datafield>
  <datafield tag="952" ind1=" " ind2=" ">
    <subfield code="0">0</subfield>
    <subfield code="1">0</subfield>
    <subfield code="2">udc</subfield>
    <subfield code="4">0</subfield>
    <subfield code="7">0</subfield>
    <subfield code="8">CG</subfield>
    <subfield code="a">ESOCIALES</subfield>
    <subfield code="b">ESOCIALES</subfield>
    <subfield code="d">2026-06-30</subfield>
    <subfield code="l">0</subfield>
    <subfield code="o">82-34(73) W423</subfield>
    <subfield code="p">001545</subfield>
    <subfield code="r">2026-06-30 16:01:59</subfield>
    <subfield code="w">2026-06-30</subfield>
    <subfield code="y">OG</subfield>
  </datafield>
</record>
